000 02337nam a2200253Ia 4500
003 Ost
005 20260507075008.0
008 260507s9999||||xx |||||||||||||| ||und||
020 _a9957161245
040 _cfsecg
041 _aara
082 _a346.066
100 _aسامي، فوزي محمد
_eمؤلف
245 0 _aالشركات التجارية الأحكام العامة و الخاصة :
_bدراسة مقارنة /
_c فوزي محمد سامي
250 _aطبعة 1
260 _aعمان:
_bدار الثقافة للنشر,
_c2006
300 _a630 صفحة؛
_c24 سم
504 _aبيبليوغرافيا: ص.603 -611
520 _aيتناول هذا الكتاب الأحكام العامة والخاصة للشركات التجارية، إذا يعرف الشركة أولا والشروط العامة اعقدها ثانيا، كما يبحث في الشروط الموضوعية الخاصة بعقد الشركة، والتي أولها تعدد الشركات فيما أن أساس وجود الشركة هو الشركة هو عقد الشركة يترتب على هذا تعدد الشخوص المكونين لتلك الشركة كما انه يذكر مساهمة كل شريك من حيث رأس المال ويتطرق أثناء حديثه عن الشركة إلى الشخصية المعنوية للشركة وينوه إلى انقضاء الشركة فيذكر الأسباب العامة لانقضائها كما يبحث في كيفية التي تتم بها تصفية الشركة وتقسم رأسمالها والشخص الذي يقوم بالتصفية ولا يكتفي بهذا بل إنه يذكر أنواع الشركات وتصنيفها إلى مختلفة تبعا لمعايير معنية ومن الشركات التي يذكرها شركة التضامن وشركة التوصية البسيطة وشركة المحاصة والشركة ذات المسؤولية المحدودة وشركة التوصية بالأسهم وكذلك شركة المساهمة حيث يعرج بالحديث على تعريف هذه الشركات وخصائصها وتأسيها وانقضاء هذه الشركات.
653 _aالتجارة
653 _aالشركات- الأردن
653 _aالشركات- قوانين وتشريعات
942 _cكتاب
999 _c42131
_d42131